000 00562nam a2200217Ia 4500
003 OSt
005 20220925215458.0
006 a|||||r|||| 00| 0
007 ta
008 220923b |||||||| |||| 00| 0 eng d
037 _cGeneral Book
040 _aRTL
_cRTL
_beng
041 _2eng
_aeng
082 _aX:328, J1
100 _aKnight F. H
_9282917
245 0 _aRisk, uncertainty and profit
260 _aLondon
_bHoughton
_c1957
300 _a381p
_ccm.
942 _hX:328, J1
_cGB
_2CC
999 _c568886
_d568886